Formula One: Most Wins Per Grand Prix - Statistics

General Stats
  • This quiz has been taken 464 times
  • The average score is 36 of 40
Answer Stats
Grand Prix Years Held Driver Wins % Correct
Abu Dhabi Grand Prix 2009- Lewis Hamilton 3
99%
British Grand Prix 1950- Lewis Hamilton 5
99%
Chinese Grand Prix 2004- Lewis Hamilton 5
99%
Hungarian Grand Prix 1986- Lewis Hamilton 5
99%
Russian Grand Prix 2014- Lewis Hamilton 2
99%
United States Grand Prix 1959-1980, 1989-1991, 2000-2007, 2012- Lewis Hamilton 5
99%
Detroit Grand Prix 1982-1988 Ayrton Senna 3
98%
Monaco Grand Prixx 1950, 1955- Ayrton Senna 6
98%
Australian Grand Prix 1985- Michael Schumacher 4
97%
Belgian Grand Prix 1950-1956, 1958, 1960-1968, 1970, 1972-2002, 2004-2005, 2007- Michael Schumacher 6
97%
Canadian Grand Prix 1967-1974, 1976-1986, 1988-2008, 2010- Michael Schumacher 7
97%
European Grand Prix 1983-1985, 1993-1997, 1999-2012, 2016 Michael Schumacher 6
97%
French Grand Prix 1950-1954, 1956-2008 Michael Schumacher 8
97%
German Grand Prix 1951-1954, 1956-1959, 1961-2006, 2008-2014, 2016 Michael Schumacher 4
97%
Italian Grand Prix 1950- Michael Schumacher 5
97%
Japanese Grand Prix 1976-1977, 1987- Michael Schumacher 6
97%
Pacific Grand Prix 1994-1995 Michael Schumacher 2
97%
San Marino Grand Prix 1981-2006 Michael Schumacher 7
97%
Spanish Grand Prix 1951, 1954, 1968-1979, 1981, 1986- Michael Schumacher 6
97%
United States Grand Prix 1959-1980, 1989-1991, 2000-2007, 2012- Michael Schumacher 5
97%
Bahrain Grand Prix 2004-2010, 2012- Sebastian Vettel 3
97%
Indian Grand Prix 2011-2013 Sebastian Vettel 3
97%
Korean Grand Prix 2010-2013 Sebastian Vettel 3
97%
Malaysian Grand Prix 1999- Sebastian Vettel 4
97%
Singapore Grand Prix 2008- Sebastian Vettel 4
97%
Austrian Grand Prix 1964, 1970-1987, 1997-2003, 2014- Alain Prost 3
93%
Brazilian Grand Prix 1973- Alain Prost 6
93%
British Grand Prix 1950- Alain Prost 5
93%
Portuguese Grand Prix 1958-1960, 1984-1996 Alain Prost 3
93%
Bahrain Grand Prix 2004-2010, 2012- Fernando Alonso 3
92%
Argentine Grand Prix 1953-1958, 1960, 1972-1975, 1977-1981, 1995-1998 Juan Manuel Fangio 4
92%
Swiss Grand Prix 1950-1954, 1982 Juan Manuel Fangio 2
92%
Swedish Grand Prix 1973-1978 Niki Lauda 2
84%
Turkish Grand Prix 2005-2011 Felipe Massa 3
77%
Portuguese Grand Prix 1958-1960, 1984-1996 Nigel Mansell 3
73%
British Grand Prix 1950- Jim Clark 5
71%
Dutch Grand Prix 1952-1953, 1955, 1958-1971, 1973-1985 Jim Clark 4
71%
Mexican Grand Prix 1963-1970, 1986-1992, 2015- Jim Clark 3
71%
South Afrian Grand Prix 1962-1963, 1965, 1967-1980, 1982-1985, 1992-1993 Jim Clark 4
71%
Swedish Grand Prix 1973-1978 Jody Scheckter 2
43%
No matching quizzes found
Score Distribution
Percent of People with Each Score
Percentile by Number Answered
Your Score History
You have not taken this quiz